Histoire des collections canoniques en Occident depuis les fausses décrétales jusqu'au décret de Gratien
Wedi'i Gadw mewn:
| Prif Awdur: | |
|---|---|
| Awduron Eraill: | |
| Fformat: | Llyfr |
| Cyhoeddwyd: |
Paris, France:
Recueil Sirey,
1932.
|
| Cyfres: | Bibliothèque d'histoire du droit.
|
| Pynciau: | |
| Tagiau: |
Ychwanegu Tag
Dim Tagiau, Byddwch y cyntaf i dagio'r cofnod hwn!
|
MARC
| LEADER | 00000nam a22000007a 4500 | ||
|---|---|---|---|
| 003 | CL-VaPUC | ||
| 005 | 20220822114855.0 | ||
| 008 | 220810t1972 ||||| |||| 00| 0 eng d | ||
| 999 | |c 438239 |d 438237 | ||
| 020 | |a 3-511-05592-X (tome 2) | ||
| 040 | |c Pontificia Universidad Católica de Valparaíso | ||
| 082 | |a 262.9 FOU 1972 | ||
| 100 | 1 | |a Fournier, Paul |e auteur |9 875322 | |
| 245 | |a Histoire des collections canoniques en Occident depuis les fausses décrétales jusqu'au décret de Gratien | ||
| 260 | |a Paris, France: |b Recueil Sirey, |c 1932. | ||
| 300 | |a Tomo 2, 386 páginas. | ||
| 490 | |a Bibliothèque d'histoire du droit. | ||
| 500 | |a c.1 Donación Familia Prof. Alejandro Guzmán Brito. | ||
| 583 | |c 20220810 |k Cristina María Rojas Aguilar | ||
| 650 | |a Derecho canónico |y Edad Media |9 875323 | ||
| 700 | |a Le Bas, Gabriel |e auteur |9 875325 | ||
| 942 | |2 ddc |c BK |n 0 | ||
| 952 | |0 0 |1 0 |2 ddc |4 0 |6 262_900000000000000_FOU_1972 |7 1 |8 C_AGB |9 586119 |a BIBDER |b BIBDER |d 2022-08-10 |e Donación |h t.II |i 5654064 |o 262.9 FOU 1972 |p 5654064 |r 2023-01-25 |t 1 |w 2022-08-10 |y BK_US |k AGB | ||